000 00931nam a2200265Ia 4500
003 OSt
005 20221005104046.0
006 a|||||r|||| 00| 0
007 ta
008 221004b |||||||| |||| 00| 0 san d
020 _a9788189469276 (hbk)
_c600
024 _a13793
037 _b694/1, 28/02/2014, Vidyanidhi Prakashan
_cTextual
040 _aCRL
_cCRL
_bsan
041 _2san
_asan
082 _aR66x1,1:g, 15Q1
100 _aश्रीमŸगवपादाचार्य
_9623754
245 0 _aउपदेशसाहस्री
246 _aUpadeshasāhasrī
260 _aदिल्ली
_bचौखम्भा भारत
_c2011
300 _a336पृ0
_ccm.
650 _aभारतीय दर्शन
942 _hR66x1,1:g, 15Q1
_cTEXL
_2cc
999 _c1011620
_d1011620